[Event "Titled Tuesday intern op 26th Sep Late"]
[Site "Chess.com INT"]
[Date "2023.09.26"]
[Round "1"]
[White "Naroditsky, Daniel"]
[Black "Mago Perez, Victor Manuel"]
[Result "1-0"]
[WhiteElo "2619"]
[BlackElo "2148"]
[PlyCount "75"]
[EventDate "2023.09.26"]
[EventType "swiss (blitz)"]
[EventRounds "11"]
[EventCountry "USA"]
[SourceTitle "EXT 2024"]
[Source "ChessBase"]
[SourceDate "2023.10.10"]
[SourceVersion "1"]
[SourceVersionDate "2023.10.10"]
[SourceQuality "1"]

1. e4 c5 2. c3 d5 3. exd5 Qxd5 4. d4 g6 5. Nf3 Bg7 6. Na3 cxd4 7. Nb5 Na6 8. Nbxd4 Nf6 9. Bb5+ Bd7 10. Qe2 Bxb5 11. Nxb5 0-0 12. 0-0 e6 13. Be3 b6 14. Rfd1 Qh5 15. a4 Nd5 16. Bd2 Nc5 17. Nbd4 Bxd4 18. cxd4 Nb3 19. Ra3 Nxd2 20. Qxd2 Rfd8 21. Ne5 Qf5 22. Rf3 Qh5 23. Rh3 Qf5 24. Qh6 Nf6 25. Qe3 Nd5 26. Qd2 Qf4 27. Qe2 Qg5 28. Rg3 Qh6 29. Rf3 Rf8 30. h3 Rad8 31. Qe4 Qg7 32. Rc1 a5 33. Rc6 Rc8 34. Rxc8 Rxc8 35. Rxf7 Rc1+ 36. Kh2 Qh6 37. Ng4 Qd2 38. Qxe6 1-0

[Event "Titled Tuesday intern op 19th Sep Early"]
[Site "Chess.com INT"]
[Date "2023.09.19"]
[Round "7"]
[White "De Boer, Eelke"]
[Black "Mago Perez, Victor Manuel"]
[Result "0-1"]
[WhiteElo "2327"]
[BlackElo "2148"]
[PlyCount "82"]
[EventDate "2023.09.19"]
[EventType "swiss (blitz)"]
[EventRounds "11"]
[EventCountry "USA"]
[SourceTitle "EXT 2024"]
[Source "ChessBase"]
[SourceDate "2023.10.10"]
[SourceVersion "1"]
[SourceVersionDate "2023.10.10"]
[SourceQuality "1"]

1. e4 c5 2. Nc3 d6 3. d4 cxd4 4. Qxd4 Nc6 5. Qd2 Nf6 6. b3 g6 7. Bb2 Bg7 8. 0-0-0 0-0 9. f3 a5 10. a4 Nb4 11. h4 Be6 12. Kb1 Rc8 13. Bb5 h5 14. Nge2 Qb6 15. Nf4 Rfd8 16. Nxe6 fxe6 17. g4 hxg4 18. Qg5 Kf7 19. h5 gxh5 20. fxg4 Rc5 21. Qd2 hxg4 22. Rh7 Nxh7 23. Rf1+ Nf6 24. Qe2 Rdc8 25. Bc4 Rxc4 26. bxc4 Nc6 27. Ka2 Ne5 28. Nb5 Qc5 29. Qd1 Qxc4+ 30. Kb1 Nf3 31. Nxd6+ exd6 32. Qxd6 Qxc2+ 33. Ka2 Qxa4+ 34. Kb1 Qxe4+ 35. Ka2 Qc4+ 36. Ka3 Qxf1 37. Qe7+ Kxe7 38. Bxf6+ Bxf6 39. Ka2 Qc4+ 40. Ka3 Qb4+ 41. Ka2 Qb2# 0-1

[Event "Titled Tuesday intern op 19th Sep Late"]
[Site "Chess.com INT"]
[Date "2023.09.19"]
[Round "9"]
[White "Dwilewicz, Katarzyna"]
[Black "Mago Perez, Victor Manuel"]
[Result "0-1"]
[WhiteElo "2098"]
[BlackElo "2148"]
[PlyCount "118"]
[EventDate "2023.09.19"]
[EventType "swiss (blitz)"]
[EventRounds "11"]
[EventCountry "USA"]
[SourceTitle "EXT 2024"]
[Source "ChessBase"]
[SourceDate "2023.10.10"]
[SourceVersion "1"]
[SourceVersionDate "2023.10.10"]
[SourceQuality "1"]

1. e4 c5 2. Nf3 d6 3. d4 cxd4 4. Nxd4 Nf6 5. Nc3 a6 6. h3 e5 7. Nde2 h5 8. Bg5 Be6 9. Bxf6 Qxf6 10. Nd5 Qd8 11. Qd3 Nd7 12. 0-0-0 Rc8 13. Kb1 Nf6 14. Nec3 Nxd5 15. Nxd5 Qa5 16. Be2 Bxd5 17. Qxd5 Qxd5 18. Rxd5 g6 19. Rhd1 Be7 20. c3 Rc7 21. R1d2 f6 22. Bd1 Kf7 23. Bb3 Kg7 24. Ra5 f5 25. exf5 gxf5 26. f4 Kf6 27. fxe5+ dxe5 28. Rdd5 b6 29. Rxa6 Bc5 30. Bd1 h4 31. b4 Bg1 32. Kb2 Rg8 33. Rd6+ Ke7 34. Rd2 Rg3 35. Rc2 Kf6 36. a4 Kg5 37. a5 bxa5 38. Rxa5 e4 39. Bg4 Rf7 40. c4 Kf4 41. Bd1 Bd4+ 42. Kb1 Rfg7 43. Raa2 Rb3+ 44. Kc1 Rxb4 45. c5 Be3+ 46. Rd2 Rc4+ 47. Rac2 Bxd2+ 48. Kxd2 Rxc2+ 49. Bxc2 Rxg2+ 50. Kc3 Ke5 51. Ba4 Rg3+ 52. Kb4 Rxh3 53. Kb5 Rc3 54. c6 h3 55. Kb4 Rc1 56. Bb3 h2 57. Bc4 Rxc4+ 58. Kxc4 Kd6 59. Kb5 h1Q 0-1

[Event "Titled Tuesday intern op 19th Sep Early"]
[Site "Chess.com INT"]
[Date "2023.09.19"]
[Round "3"]
[White "Mago Perez, Victor Manuel"]
[Black "Kuzhilniy, Oleksandr"]
[Result "1-0"]
[WhiteElo "2148"]
[BlackElo "2260"]
[PlyCount "93"]
[EventDate "2023.09.19"]
[EventType "swiss (blitz)"]
[EventRounds "11"]
[EventCountry "USA"]
[SourceTitle "EXT 2024"]
[Source "ChessBase"]
[SourceDate "2023.10.10"]
[SourceVersion "1"]
[SourceVersionDate "2023.10.10"]
[SourceQuality "1"]

1. d4 g6 2. c4 Bg7 3. Nc3 d6 4. Nf3 Nf6 5. h3 0-0 6. e4 e5 7. d5 Na6 8. Be3 Nh5 9. g3 f5 10. exf5 gxf5 11. Ng5 Nf6 12. Bg2 Qe8 13. 0-0 Bd7 14. Ne6 Bxe6 15. dxe6 e4 16. Qb3 b6 17. Nd5 Qxe6 18. Qa4 Nxd5 19. cxd5 Qc8 20. Bd4 Nc5 21. Bxc5 bxc5 22. Rab1 a6 23. b3 Rb8 24. Qc4 Rb4 25. Qc2 f4 26. gxf4 Rxf4 27. Rbe1 Be5 28. Re2 Kh8 29. Rfe1 Qg8 30. Rxe4 Rbxe4 31. Rxe4 Qg5 32. Rxf4 Qxf4 33. Qe4 Qc1+ 34. Bf1 Qg5+ 35. Qg4 Qe7 36. Bxa6 Bd4 37. Kg2 h6 38. Qf5 Qg7+ 39. Kf3 Qe7 40. Bd3 Kg7 41. Qg6+ Kf8 42. Qxh6+ Bg7 43. Qf4+ Ke8 44. Be4 Be5 45. Bg6+ Kd8 46. Qf7 Qg5 47. Qe8# 1-0